[Event "Southend Easter U1400 rapid op 67th"]
[Site "Southend"]
[Date "2025.04.17"]
[Round "2"]
[White "Aneesh, Rudrakrishna"]
[Black "Irie Williams, Silk"]
[Result "0-1"]
[WhiteElo "583"]
[BlackElo "894"]
[PlyCount "108"]
[EventDate "2025.04.17"]
[EventType "swiss (rapid)"]
[EventRounds "6"]
[EventCountry "ENG"]
[SourceTitle "CB18_2025"]
[SourceDate "2025.04.30"]
[SourceVersion "1"]
[SourceVersionDate "2025.04.30"]
[SourceQuality "1"]

1. d4 d5 2. Nf3 Bf5 3. Bf4 Nf6 4. Ne5 e6 5. Qd2 c5 6. dxc5 Bxc5 7. Qc3 Qb6 8. Nd3 Bxd3 9. exd3 Bb4 10. Be3 Bxc3+ 11. Nxc3 d4 12. Na4 Qb4+ 13. c3 Qxa4 14. Bxd4 Nc6 15. b3 Qa6 16. Be3 0-0 17. d4 b5 18. c4 bxc4 19. Bxc4 Qb7 20. 0-0 Rfd8 21. Rad1 Ng4 22. Bg5 Qc7 23. g3 f6 24. Bxe6+ Kh8 25. Bf4 Qe7 26. Bxg4 Qe4 27. Rde1 Qxd4 28. Rd1 Qc5 29. Be3 Qb4 30. Bd2 Qxg4 31. Rde1 Rxd2 32. Kg2 Re2 33. Rc1 Qe4+ 34. Kg1 Re8 35. Rc4 Qe5 36. Rxc6 Re1 37. Rc1 Rxc1 38. Rxc1 Qe1+ 39. Rxe1 Rxe1+ 40. Kg2 Ra1 41. f3 Rxa2+ 42. Kh3 Rb2 43. g4 Rxb3 44. Kg3 a5 45. h3 a4 46. g5 a3 47. gxf6 gxf6 48. Kf4 a2 49. Kf5 a1Q 50. f4 Rb5+ 51. Kg4 f5+ 52. Kg5 Qg7+ 53. Kh4 Rb6 54. Kh5 Rh6# 0-1